000 00618nam a2200217Ia 4500
005 20250508165941.0
008 008 250505s9999 xx 000 0 eng d
037 _aTextBook
040 _aFEDL
_beng
_cFEDL
041 _aeng
_2eng
084 _a371.148, SLA/R
_qFEDL
100 _aSlavin Robert E
_9591380
245 0 _aCooperative learning: Theory, research and practice
250 _a2
260 _aBoston, USA
_bAllyn and Bacon
_c1995
300 _ax, 194p.
365 _aUSD
_b31.5
546 _aGifted by Prof. Anita Rampal
942 _cTB
_h371.148, SLA/R
999 _c1398381
_d1398381